Ochrana subjektov trhu služieb seminárne cvičenia
Gespeichert in:
| 1. Verfasser: | |
|---|---|
| Körperschaft: | |
| Format: | Buch |
| Sprache: | Slowakisch |
| Veröffentlicht: |
Bratislava
Vydavateľstvo EKONÓM
2003
|
| Schlagworte: | |
| Tags: |
Keine Tags, Fügen Sie das erste Tag hinzu!
|
MARC
| LEADER | 00000nam$a2200000$$$4500 | ||
|---|---|---|---|
| 001 | 0001933 | ||
| 005 | 20240223112000.3 | ||
| 020 | |a 80-225-1736-4 | ||
| 041 | 0 | |a slo | |
| 044 | |a SK | ||
| 245 | 1 | 0 | |a Ochrana subjektov trhu služieb |b seminárne cvičenia |c Darina Eliašová |
| 264 | 1 | |a Bratislava |b Vydavateľstvo EKONÓM |c 2003 | |
| 300 | |a 160 s. | ||
| 610 | 2 | 0 | |a služby |
| 610 | 2 | 0 | |a podnikatelia |
| 610 | 2 | 0 | |a trh |
| 610 | 2 | 0 | |a podnikanie |
| 610 | 2 | 0 | |a ochrana spotrebiteľa |
| 610 | 2 | 0 | |a ubytovanie |
| 610 | 2 | 0 | |a stravovanie spoločné |
| 610 | 2 | 0 | |a doprava |
| 610 | 2 | 0 | |a spoje |
| 610 | 2 | 0 | |a ruch cestovný |
| 610 | 2 | 0 | |a šport |
| 610 | 2 | 0 | |a služby sociálne |
| 610 | 2 | 0 | |a vzdelávanie |
| 610 | 2 | 0 | |a zdravotníctvo |
| 610 | 2 | 0 | |a kultúra |
| 610 | 2 | 0 | |a banky |
| 610 | 2 | 0 | |a poisťovníctvo |
| 610 | 2 | 0 | |a zákony |
| 610 | 2 | 0 | |a normy |
| 610 | 2 | 0 | |a Slovensko |
| 100 | 1 | |a Eliašová, Darina | |
| 710 | 2 | |a Ekonomická univerzita v Bratislave. Obchodná fakulta | |